书目信息 |
| 题名: |
国家地理:从地理版图到文化版图的历史考察.下册
|
|
| 作者: | 倪建中 , 宋宜昌 主编 | |
| 分册: | ||
| 出版信息: | 北京 中国国际广播出版社 1997.12 |
|
| 页数: | 688页 | |
| 开本: | 32开 | |
| 丛书名: | 《国是论衡》丛书 | |
| 单 册: | ||
| 中图分类: | G07 | |
| 科图分类: | ||
| 主题词: | 文化地理学 | |
| 电子资源: | ||
| ISBN: | 7-5078-1562-5 | |
| 000 | 00809nam0 2200241 45 | |
| 001 | 0003201505 | |
| 005 | 20031219104043.6 | |
| 010 | @a7-5078-1562-5@dCNY30.00 | |
| 100 | @a20000320d1997 km y0chiy0120 ea | |
| 101 | @achi | |
| 105 | @a z 000yy | |
| 200 | 1 | @a国家地理:从地理版图到文化版图的历史考察.下册@f倪建中,宋宜昌主编@AGuo Jia Di Li:Cong Di Li Ban Tu Dao Wen Hua Ban TuDe Li Shi Kao Cha.Xia Ce@FNi Jian Zhong,Song Yi Chang Zhu Bian |
| 210 | @a北京@c中国国际广播出版社@d1997.12 | |
| 215 | @a688页@d32开 | |
| 225 | @a《国是论衡》丛书@f倪建中主编 | |
| 410 | @12001 @a《国是论衡》丛书 | |
| 410 | @1700 0@a倪建中@ANi Jian Zhong@4主编 | |
| 606 | 0 | @a文化地理学 |
| 690 | @aG07@v1 | |
| 701 | @a倪建中@4主编 | |
| 701 | 0 | @a宋宜昌@4主编 |
| 801 | @aCN@bTSTC@c20000320 | |
| 905 | @f1@b276865@dG07@e16:3 | |
| 国家地理:从地理版图到文化版图的历史考察.下册/倪建中,宋宜昌主编.-北京:中国国际广播出版社,1997.12 |
| 688页;32开.-(《国是论衡》丛书/倪建中主编) |
| ISBN 7-5078-1562-5:CNY30.00 |
| ● |
| 相关链接 |
|
|
|
|
正题名:国家地理:从地理版图到文化版图的历史考察·下册
索取号:G07/16:3
 
预约/预借
| 序号 | 登录号 | 条形码 | 馆藏地/架位号 | 状态 | 备注 |
| 1 | 0276865 | 001507532 | 第一样本阅览室/ [索取号:G07/16:3] | 在馆 |